000
00236nam a2200097Ia 4500
001
1220154
005
20250827092805.0
008
250824s9999 xx 000 0 und d
245
0
_a
KASABA
_c
ALEIN KENTIGERNA
260
_b
PANAMA YAYINLARI
999
_c
1220154
_d
1220154